00923nac a22002897a 4500001001000000003000900010005001700019008003400036040005400070072001800124110008000142245008200222260003600304300001000340490009200350650002000442650001200462650002300474650002300497650002200520650001500542650001500557650001800572650001200590650001500602650001600617BR7806871BR-BrBNA20240105114332.0230509b bl.|||m| |||| 00| 0 por d aBR-BrBNAbporcBiblioteca Nacional de Agricultura aE70; E10; P051 aMinisterio das Relacoes Exteriores, Brasilia, DF (Brasil). Depto. Economico1 aReservado no. 01, agosto de 1978 [Ministerio das Relacoes Exteriores, Brasil]3 aBrasilia, DF (Brasil): c1978.  a20 p. aResenha Mensal - Ministerio das Relacoes Exteriores. Depto. Economico (Brazil)vno. 1x aRECURSO NATURAL aMINERAL aRECURSO ENERGETICO aPOLITICA COMERCIAL aCOMERCIO EXTERIOR aIMPORTACAO aEXPORTACAO aFINANCIAMENTO aCREDITO aTRANSPORTE aCOMUNICACAO